000 00891nam a22002297a 4500
005 2011081002342.0
008 110810t xxu||||| |||| 00| 0 eng d
010 _aENG-103483
020 _a9788189833640
_c375.00
035 _aEN-87016
037 _bDBAD/PUB
040 _aDpl
_bEng
082 _a370.954
100 _aDash,Santosh
_932442
245 _aEnglish education and the question of Indian nationalism :
_cby Santosh Dash
_ba perspective on the vernacular /
260 _aDelhi
_bAakar Books
_c2009
270 _a28 E, Pocket IV,Mayur Vihar Phase I,
_bDelhi
_e110091
300 _a175p.
_c22cm (Hb)
500 _aIncludes bibliographical references and index
942 _2ddc
_cEN
_mDAS
_h370.954
999 _c55269
_d55269